[Event "36th Reykjavik op"]
[Site "Reykjavik ISL"]
[Date "2023.04.01"]
[Round "6.130"]
[White "Brunier, Jules"]
[Black "Horan, George"]
[WhiteElo "2015"]
[BlackElo "1729"]
[Result "0-1"]
[EventDate "2023.03.29"]
[PlyCount "66"]

1. e4 c5 2. Nf3 d6 3. d4 cxd4 4. Nxd4 Nf6 5. Nc3 a6 6. Be2 e5 7. Nb3 Be7 8. O-O O-O
9. f4 b5 10. Bf3 Bb7 11. a3 Nbd7 12. f5 Rc8 13. Qe1 Rxc3 14. bxc3 Nb6 15. Bg5 h6
16. Bh4 Qc7 17. Kh1 Ba8 18. Rd1 Rc8 19. Qg3 Na4 20. Rfe1 Nxc3 21. Rd2 a5 22. Nc1
Qc5 23. Nd3 Qxa3 24. Nxe5 Ncxe4 25. Bxe4 Qxg3 26. hxg3 Nxe4 27. Bxe7 Nxd2 28. Bxd6
Ne4 29. Ba3 Nxg3+ 30. Kh2 Nxf5 31. Rf1 g6 32. g4 Rxc2+ 33. Kh3 Bg2+  0-1

[Event "36th Reykjavik op"]
[Site "Reykjavik ISL"]
[Date "2023.04.01"]
[Round "6.131"]
[White "Alashtar, Aasef"]
[Black "Tan, Jimmy"]
[WhiteElo "2007"]
[BlackElo "1715"]
[Result "0-1"]
[EventDate "2023.03.29"]
[PlyCount "150"]

1. Nf3 d6 2. e4 Nf6 3. Nc3 e5 4. d4 Nbd7 5. Be3 Be7 6. h3 c6 7. Qd2 Qc7 8. Be2 b6
9. O-O O-O 10. Rfd1 Re8 11. Ng5 Bb7 12. f4 exd4 13. Qxd4 d5 14. e5 Bc5 15. Qd2 Bxe3+
16. Qxe3 h6 17. Nf3 a6 18. Nh4 Nf8 19. Qg3 N6h7 20. Nf5 Ng6 21. h4 Bc8 22. Nd6 Rd8
23. h5 Ne7 24. Bd3 Rxd6 25. exd6 Qxd6 26. Qf3 Nf6 27. f5 Qb4 28. Ne2 c5 29. c3 Qh4
30. Ng3 Bd7 31. Re1 Re8 32. Re2 Bc6 33. Rae1 d4 34. Ne4 Nxh5 35. g3 Qh3 36. f6 Nxf6
37. Nxf6+ gxf6 38. Be4 Bd7 39. Rh2 Qg4 40. Rxh6 Ng6 41. Qxg4 Bxg4 42. Kf2 Kg7 43.
Rhh1 Ne5 44. Rh7+ Kf8 45. Rh4 Re6 46. Bc2 d3 47. Bd1 f5 48. Rhh1 Bxd1 49. Rxd1 Ng4+
50. Kf3 Re4 51. Rh5 Ne5+ 52. Kf2 c4 53. Rd2 Ke7 54. Rxf5 Ke6 55. Rh5 Ng4+ 56. Kg2
Nf6 57. Rh1 Re5 58. Kf3 Kd5 59. Rh4 Ne4 60. Rd1 Ng5+ 61. Kf4 f6 62. Rh2 Ke6 63. g4
Re4+ 64. Kg3 Re3+ 65. Kg2 Ke5 66. Rhh1 Re2+ 67. Kg3 Ke4 68. Rhf1 Ke3 69. Rf4 Ne4+
70. Rxe4+ Kxe4 71. Rf1 d2 72. Rf4+ Kd3 73. Rd4+ Kc2 74. Kf3 d1=Q 75. Rxd1 Kxd1  0-1

[Event "36th Reykjavik op"]
[Site "Reykjavik ISL"]
[Date "2023.04.01"]
[Round "6.132"]
[White "Saliba, Karl"]
[Black "Mensing, Adrian"]
[WhiteElo "1570"]
[BlackElo "2005"]
[Result "0-1"]
[EventDate "2023.03.29"]
[PlyCount "78"]

1. e4 c5 2. Nf3 d6 3. d4 cxd4 4. Nxd4 Nf6 5. Nc3 a6 6. g3 e5 7. Nb3 Be7 8. Bg2 O-O
9. O-O Qc7 10. a4 Be6 11. Re1 Nbd7 12. Nd2 Qc5 13. Nf1 Bd8 14. Be3 Qc6 15. Rc1 Ba5
16. Nd5 Bxd5 17. exd5 Qc7 18. c3 Bb6 19. b4 a5 20. Qb3 Ng4 21. Bxb6 Qxb6 22. Ne3
Nxe3 23. Rxe3 f5 24. Re2 e4 25. Ra1 Rac8 26. Raa2 Nc5 27. Qa3 Nd3 28. Rad2 Nxf2 29.
Rd4 Nd3 30. bxa5 Qc5 31. Qxc5 Rxc5 32. c4 Ra8 33. Ra2 Rcxa5 34. Bf1 Ne5 35. Be2 Rxa4
36. Rb2 R8a7 37. Rb6 Ra1+ 38. Kf2 R7a2 39. h3 Nf3  0-1

[Event "36th Reykjavik op"]
[Site "Reykjavik ISL"]
[Date "2023.04.01"]
[Round "6.133"]
[White "Westerlind, Sture"]
[Black "Striskova, Lucia"]
[WhiteElo "1568"]
[BlackElo "2002"]
[Result "0-1"]
[EventDate "2023.03.29"]
[PlyCount "88"]

1. d4 Nf6 2. Nf3 g6 3. Bf4 Bg7 4. Nbd2 d6 5. c3 O-O 6. e4 Nfd7 7. e5 dxe5 8. Nxe5
Nxe5 9. Bxe5 Bxe5 10. dxe5 Nc6 11. f4 f6 12. Bc4+ Kg7 13. exf6+ Rxf6 14. O-O Qf8
15. Bd5 Bd7 16. Qe2 Re8 17. Rf2 e5 18. Bxc6 Bxc6 19. Raf1 exf4 20. Qc4 Qd6 21. Qd4
Qxd4 22. cxd4 g5 23. Rc1 Rd6 24. Nf3 Bxf3 25. Rxc7+ Kf6 26. gxf3 Re7 27. Rxe7 Kxe7
28. Rd2 Rd7 29. Kf2 Kd6 30. Kg2 Re7 31. Kh3 h5 32. Kg2 Kd5 33. b3 Re3 34. h3 Re6
35. Kf2 Rb6 36. h4 g4 37. fxg4 hxg4 38. Rc2 Ke4 39. Rc4 Rf6 40. h5 g3+ 41. Kg2 f3+
42. Kf1 f2 43. d5+ Kf3 44. Rc3+ Kg4  0-1

[Event "36th Reykjavik op"]
[Site "Reykjavik ISL"]
[Date "2023.04.01"]
[Round "6.134"]
[White "Langlois-Remillard, Alexis"]
[Black "de Winter, Eric"]
[WhiteElo "2001"]
[BlackElo "1687"]
[Result "1-0"]
[EventDate "2023.03.29"]
[PlyCount "63"]

1. b3 e5 2. Bb2 Nc6 3. e3 Nf6 4. Bb5 d6 5. Nf3 Be7 6. d4 exd4 7. Nxd4 Bd7 8. Nxc6
bxc6 9. Bd3 d5 10. O-O Be6 11. Nd2 a5 12. a4 O-O 13. e4 dxe4 14. Nxe4 Bd5 15. Re1
Nxe4 16. Bxe4 f5 17. Bf3 Bf6 18. Bxf6 Rxf6 19. Re5 Rd6 20. Bxd5+ Rxd5 21. Qe2 h6
22. Rxd5 Qxd5 23. Rd1 Qf7 24. Qe5 Kh7 25. h3 f4 26. Rd3 Re8 27. Qxa5 Qf6 28. Qc3
Qe6 29. Rd4 Rf8 30. Qf3 Qe5 31. Qe4+ Qxe4 32. Rxe4  1-0

[Event "36th Reykjavik op"]
[Site "Reykjavik ISL"]
[Date "2023.04.01"]
[Round "6.135"]
[White "George Samir, David"]
[Black "Hald, Morten Hansen"]
[WhiteElo "1993"]
[BlackElo "1687"]
[Result "1-0"]
[EventDate "2023.03.29"]
[PlyCount "45"]

1. e4 e5 2. Nf3 Nc6 3. Bb5 Nf6 4. O-O d6 5. c3 Bd7 6. Re1 a6 7. Ba4 b5 8. Bc2 Bg4
9. h3 Bh5 10. d3 h6 11. Nbd2 Qd7 12. Nf1 g5 13. Ng3 Bg6 14. a4 Qc8 15. d4 Bg7 16.
Nf5 Bxf5 17. exf5 Nd7 18. Be4 Qb7 19. dxe5 O-O-O 20. f6 Bf8 21. Qd5 Ndb8 22. Nd4
dxe5 23. Bf5+  1-0

[Event "36th Reykjavik op"]
[Site "Reykjavik ISL"]
[Date "2023.04.01"]
[Round "6.136"]
[White "Alfaro Guillen, Jose Raul"]
[Black "Danielsson, Grimur"]
[WhiteElo "1983"]
[BlackElo "1570"]
[Result "1-0"]
[EventDate "2023.03.29"]
[PlyCount "99"]

1. e4 g6 2. Nf3 Bg7 3. d4 d6 4. Bc4 Nf6 5. Nbd2 O-O 6. O-O a6 7. Bb3 Nbd7 8. e5 dxe5
9. dxe5 Ng4 10. e6 Nc5 11. exf7+ Kh8 12. Bc4 b5 13. Be2 Nh6 14. Nb3 Qxd1 15. Rxd1
Na4 16. Nbd4 Bb7 17. Ne6 Nxf7 18. Nxf8 Rxf8 19. Nd4 Bc8 20. c3 e5 21. Nc2 Bf5 22.
Ne3 Bc8 23. Re1 e4 24. Bd1 Nxc3 25. Bb3 Na4 26. Bxa4 bxa4 27. Nc4 Nd6 28. Nxd6 cxd6
29. Rb1 Bf5 30. Be3 d5 31. Rbd1 Bxb2 32. Bd4+ Bxd4 33. Rxd4 Rd8 34. g4 Bxg4 35. Rexe4
Bf3 36. Re3 Rf8 37. Rxa4 Rf6 38. Kf1 Be4 39. Rea3 Rc6 40. Ke2 Rc2+ 41. Ke3 Rc1 42.
f3 Bf5 43. Rxa6 Rh1 44. Ra7 Rd1 45. Rc7 Re1+ 46. Kd4 Rd1+ 47. Ke5 Re1+ 48. Kxd5 Be6+
49. Kd6 Bg8 50. Ra8  1-0

[Event "36th Reykjavik op"]
[Site "Reykjavik ISL"]
[Date "2023.04.01"]
[Round "6.137"]
[White "Christoffersen, Odd"]
[Black "Kukavica, Tony"]
[WhiteElo "1510"]
[BlackElo "1981"]
[Result "0-1"]
[EventDate "2023.03.29"]
[PlyCount "94"]

1. e4 c5 2. Nc3 e6 3. g3 Nc6 4. Bg2 Nf6 5. d3 Be7 6. Nf3 d5 7. O-O O-O 8. Bf4 a6
9. a4 b6 10. Re1 d4 11. Nb1 Bb7 12. h3 b5 13. g4 Nd5 14. Bg3 e5 15. axb5 axb5 16.
Rxa8 Qxa8 17. Qc1 c4 18. dxc4 bxc4 19. Nfd2 Qa4 20. b3 cxb3 21. Nxb3 Rc8 22. Qb2
Qb4 23. Rd1 Nc3 24. Bf1 Na4 25. Qc1 Na5 26. Nxa5 Qxa5 27. f3 f6 28. Be1 Qc7 29. Bd3
Kh8 30. Na3 Qc5 31. Nb1 Qc7 32. Na3 Qc5 33. Nb1 Bc6 34. Rd2 Be8 35. Rf2 Bb5 36. Qd2
Bxd3 37. Qxd3 Nb2 38. Qb3 Nd1 39. c3 Nxf2 40. Bxf2 Qc4 41. Qxc4 Rxc4 42. Be1 dxc3
43. Bxc3 Bc5+ 44. Kg2 Bd4 45. Ba5 Ra4 46. Bc7 Ra1 47. Nd2 Ra2  0-1

[Event "36th Reykjavik op"]
[Site "Reykjavik ISL"]
[Date "2023.04.01"]
[Round "6.138"]
[White "Magnusson, Thorsteinn"]
[Black "Pozimski, Szymon"]
[WhiteElo "1485"]
[BlackElo "1972"]
[Result "0-1"]
[EventDate "2023.03.29"]
[PlyCount "108"]

1. d4 d5 2. Bf4 Nf6 3. e3 Bf5 4. Nf3 e6 5. c4 Nbd7 6. Nc3 dxc4 7. Bxc4 Nb6 8. Bb3
c6 9. O-O Be7 10. Rc1 O-O 11. Bc2 Bxc2 12. Qxc2 Nbd5 13. Be5 h6 14. a3 Nxc3 15. Bxf6
Ne2+ 16. Qxe2 Bxf6 17. Rfd1 Qb6 18. Qc2 Rfd8 19. Nd2 Qc7 20. Ne4 Be7 21. Nc3 Rac8
22. h3 e5 23. Qe4 exd4 24. Nb5 Qb6 25. Nxd4 Bf6 26. b4 Bxd4 27. Rxd4 Rxd4 28. Qxd4
Rd8 29. Qg4 Qa6 30. Rc3 Qb5 31. e4 Qe5 32. Rg3 h5 33. Qg5 Qxg5 34. Rxg5 Rd3 35. Rg3
Rxg3 36. fxg3 Kf8 37. Kf2 Ke7 38. Ke3 Ke6 39. h4 Ke5 40. Kd3 b6 41. a4 g6 42. a5
f5 43. exf5 gxf5 44. Ke3 bxa5 45. bxa5 a6 46. Kd3 Kd5 47. Ke3 c5 48. Kf4 c4 49. Kg5
c3 50. Kxh5 c2 51. Kg6 Ke6 52. h5 c1=Q 53. h6 Qc3 54. Kh7 Kf7  0-1

[Event "36th Reykjavik op"]
[Site "Reykjavik ISL"]
[Date "2023.04.01"]
[Round "6.139"]
[White "Heller, Stefan"]
[Black "Schrodt, Sebastian"]
[WhiteElo "1451"]
[BlackElo "1972"]
[Result "0-1"]
[EventDate "2023.03.29"]
[PlyCount "124"]

1. e4 d6 2. Nf3 Nf6 3. Nc3 e5 4. d4 exd4 5. Nxd4 Be7 6. Bf4 O-O 7. Qd2 c6 8. O-O-O
b5 9. f3 b4 10. Na4 c5 11. Nf5 Bxf5 12. exf5 Qd7 13. b3 d5 14. g4 Nc6 15. g5 Qxf5
16. gxf6 Qxf6 17. Kb1 Nd4 18. Be3 Ne6 19. Qf2 Rac8 20. Bc1 Rfd8 21. Bh3 Rc6 22. Rhg1
Nf4 23. Bf1 Bf8 24. Qg3 Ng6 25. Bd3 c4 26. Bf1 cxb3 27. axb3 Rdc8 28. Bd3 Bd6 29.
Qf2 Be5 30. Qf1 Nf4 31. Rd2 Ne6 32. Bb2 Nd4 33. f4 Qxf4 34. Qxf4 Bxf4 35. Bxd4 Bxd2
36. Rxg7+ Kf8 37. Rxh7 R8c7 38. Rh5 Rh6 39. Rxd5 Rxh2 40. Bf6 Rh1+ 41. Ka2 Rc8 42.
Rd7 Be3 43. Bc4 Rh7 44. Nb2 Bb6 45. Nd3 Rc6 46. Bb2 Ke8 47. Rb7 Rc7 48. Rb8+ Kd7
49. Bb5+ Ke6 50. Nf4+ Kf5 51. Bd3+ Kxf4 52. Bxh7 f5 53. Bg8 Rxc2 54. Be6 Bd4 55.
Rxb4 Rxb2+ 56. Ka3 Rd2 57. Rc4 Ke5 58. Bc8 Bb2+ 59. Ka4 Rd4 60. Rxd4 Bxd4 61. b4
Ke4 62. Ka5 f4  0-1

[Event "36th Reykjavik op"]
[Site "Reykjavik ISL"]
[Date "2023.04.01"]
[Round "6.140"]
[White "Biedenkopf, Philipp"]
[Black "Han, Oron"]
[WhiteElo "1959"]
[BlackElo "1496"]
[Result "1-0"]
[EventDate "2023.03.29"]
[PlyCount "83"]

1. d4 e6 2. Nf3 f5 3. Bf4 Nf6 4. e3 b6 5. Bd3 Bb7 6. O-O Bd6 7. c4 O-O 8. Nc3 Bxf4
9. exf4 Nc6 10. Re1 Ne7 11. Rc1 Ng6 12. g3 c5 13. d5 exd5 14. cxd5 Ne7 15. Bc4 d6
16. Ng5 Bc8 17. Qe2 Ng6 18. Ne6 Bxe6 19. Qxe6+ Kh8 20. Qxf5 a6 21. a4 Ra7 22. Re6
Ng8 23. Qd3 Raf7 24. Rce1 Nxf4 25. gxf4 Rxf4 26. Ne4 Nh6 27. Re3 Nf5 28. Rh3 h6 29.
Kh1 Nd4 30. Rxd6 Qe8 31. Re6 Qxa4 32. Rg6 Rf3 33. Rxf3 Rxf3 34. Qf1 Qc2 35. Rg4 Nf5
36. Qe2 Qc1+ 37. Rg1 Qf4 38. d6 Rh3 39. Ng3 Nxg3+ 40. fxg3 Qxd6 41. Qe8+ Kh7 42.
Bg8+  1-0

[Event "36th Reykjavik op"]
[Site "Reykjavik ISL"]
[Date "2023.04.01"]
[Round "6.141"]
[White "Brynjarsson, Oervar Holm"]
[Black "Rice, Chris"]
[WhiteElo "1262"]
[BlackElo "1952"]
[Result "1/2-1/2"]
[EventDate "2023.03.29"]
[PlyCount "73"]

1. e4 c6 2. d4 d5 3. Nc3 dxe4 4. Nxe4 Nf6 5. Nxf6+ exf6 6. c3 Bd6 7. Bd3 O-O 8. Qc2
Re8+ 9. Ne2 h5 10. O-O h4 11. h3 Na6 12. Be3 Nc7 13. c4 Be6 14. Rfe1 Rc8 15. Rad1
b5 16. b3 a6 17. Nf4 Bd7 18. Qd2 Ne6 19. Nxe6 Bxe6 20. Bf4 Qc7 21. Re4 Rcd8 22. Bxd6
Rxd6 23. Rxh4 Qd7 24. c5 Rd5 25. Be4 Rd8 26. Bxd5 Qxd5 27. Qe2 Qg5 28. Re4 Bxh3 29.
Re8+ Kh7 30. Qd3+ Bf5 31. Qe3 Rxe8 32. Qxe8 Bg4 33. Qe1 Bxd1 34. Qxd1 Qd5 35. Qd3+
Kg8 36. g3 Kf8 37. Qe3  1/2-1/2

[Event "36th Reykjavik op"]
[Site "Reykjavik ISL"]
[Date "2023.04.01"]
[Round "6.143"]
[White "Kee, Steve"]
[Black "Seshadri, Sridhar"]
[WhiteElo "1919"]
[BlackElo "1445"]
[Result "1-0"]
[EventDate "2023.03.29"]
[PlyCount "65"]

1. c4 Nf6 2. g3 c5 3. Bg2 Nc6 4. Nc3 g6 5. e4 e5 6. Nge2 Bg7 7. d3 d6 8. O-O O-O
9. h3 h6 10. f4 Kh7 11. Be3 Nd4 12. Qd2 Nh5 13. Rae1 f5 14. Kh2 Bd7 15. Nd5 Rb8 16.
b3 a6 17. fxe5 Nxe2 18. Qxe2 Bxe5 19. Nf4 Nxg3 20. Kxg3 g5 21. Kh2 gxf4 22. Bxf4
Qh4 23. Bxe5 dxe5 24. exf5 Rg8 25. Qf2 Qf6 26. Bd5 Rg7 27. Rg1 Rxg1 28. Rxg1 e4 29.
dxe4 Rf8 30. Qg3 Bc6 31. Qc7+ Kh8 32. e5 Bxd5 33. exf6  1-0

[Event "36th Reykjavik op"]
[Site "Reykjavik ISL"]
[Date "2023.04.01"]
[Round "6.145"]
[White "Miettinen, Teemu"]
[Black "Olafsson, Olafur"]
[WhiteElo "1884"]
[BlackElo "1130"]
[Result "1-0"]
[EventDate "2023.03.29"]
[PlyCount "77"]

1. e4 c5 2. Nf3 Nc6 3. d4 cxd4 4. Nxd4 Nf6 5. Nc3 d6 6. Rg1 g6 7. g4 Bg7 8. Be3 Nxg4
9. Rxg4 Bxg4 10. Nxc6 Bxc3+ 11. bxc3 Qc8 12. Qd4 f6 13. Nb4 Be6 14. c4 Kf7 15. Nd5
b6 16. Be2 Qd7 17. f3 h5 18. Kf2 Rac8 19. a4 Rc5 20. Qd3 Ra5 21. Qb3 Rc8 22. Bd2
Rac5 23. Be3 Ra5 24. Bd2 Rac5 25. Bb4 R5c6 26. Rg1 Bxd5 27. exd5 R6c7 28. Bd3 Rg8
29. Rg3 g5 30. Bf1 Rg7 31. Bd2 Rb7 32. Qe3 Rb8 33. a5 Rgg8 34. axb6 Rxb6 35. h4 g4
36. Bd3 Rb1 37. Qh6 e5 38. Qxh5+ Ke7 39. Qh7+  1-0

[Event "36th Reykjavik op"]
[Site "Reykjavik ISL"]
[Date "2023.04.01"]
[Round "6.153"]
[White "Hagevi, Vidar"]
[Black "DebMisra, Ariv"]
[WhiteElo "2054"]
[BlackElo "1457"]
[Result "1-0"]
[EventDate "2023.03.29"]
[PlyCount "59"]

1. e4 c5 2. Nc3 g6 3. g3 Nc6 4. Bg2 Bg7 5. d3 d6 6. Nge2 Nf6 7. O-O O-O 8. f4 Bd7
9. h3 Ne8 10. Be3 Na5 11. g4 e6 12. f5 exf5 13. gxf5 gxf5 14. Ng3 fxe4 15. Ncxe4
Bxb2 16. Rb1 Bg7 17. Qh5 Qe7 18. Nf5 Bxf5 19. Rxf5 Nc6 20. Bg5 f6 21. Be3 Qf7 22.
Qh4 Qg6 23. Ng3 Nd8 24. Kh2 Rb8 25. Be4 Qf7 26. Rg1 Qd7 27. Rh5 Kf7 28. Rxh7 Ne6
29. Nf5 d5 30. Qh5+  1-0

[Event "36th Reykjavik op"]
[Site "Reykjavik ISL"]
[Date "2023.04.01"]
[Round "6.154"]
[White "Zhou, Lepu Coco"]
[Black "Surace, Christopher"]
[WhiteElo "2034"]
[BlackElo "1413"]
[Result "1-0"]
[EventDate "2023.03.29"]
[PlyCount "89"]

1. e4 c6 2. d4 d5 3. e5 c5 4. c4 dxc4 5. Nf3 cxd4 6. Bxc4 e6 7. Qxd4 Qxd4 8. Nxd4
Bb4+ 9. Nc3 a6 10. O-O b5 11. Bb3 Bb7 12. a4 Bxc3 13. bxc3 Nc6 14. axb5 Nxd4 15.
cxd4 axb5 16. Rxa8+ Bxa8 17. Bd2 Ne7 18. Ra1 O-O 19. Bb4 Bd5 20. Bxe7 Bxb3 21. Bxf8
Kxf8 22. Ra8+ Ke7 23. Ra7+ Kd8 24. Rxf7 Bd5 25. Kf1 b4 26. Ke1 b3 27. Kd2 g5 28.
Kc3 h5 29. Rh7 Ke8 30. Rxh5 g4 31. Rg5 Bxg2 32. Rxg4 Bf3 33. Rg3 Bd1 34. h4 Kd7 35.
Rg2 Bc2 36. h5 Kc6 37. Rg1 Be4 38. Kxb3 Kd5 39. Kc3 Bf3 40. h6 Be4 41. f3 Bd3 42.
Ra1 Ba6 43. h7 Bc8 44. h8=Q Bd7 45. Qa8+  1-0

[Event "36th Reykjavik op"]
[Site "Reykjavik ISL"]
[Date "2023.04.01"]
[Round "6.155"]
[White "Hafthorsson, Jon Ulfur"]
[Black "Verweij, Kees"]
[WhiteElo "1434"]
[BlackElo "2010"]
[Result "0-1"]
[EventDate "2023.03.29"]
[PlyCount "144"]

1. d4 d5 2. Nc3 Nf6 3. Bf4 c6 4. e3 Bf5 5. f3 e6 6. g4 Bg6 7. h4 h6 8. Bd3 Bxd3 9.
Qxd3 Qa5 10. a3 b5 11. O-O-O Na6 12. Nb1 c5 13. dxc5 Nxc5 14. Qc3 Qb6 15. Ne2 a5
16. Qd4 Rc8 17. Kd2 Na4 18. Qxb6 Nxb6 19. Nbc3 b4 20. axb4 axb4 21. Nb5 e5 22. Bg3
Nc4+ 23. Kc1 Nxe3 24. Rd2 Rc5 25. Bf2 Rxb5 26. Bxe3 Bc5 27. Bxc5 Rxc5 28. Ng3 Ra5
29. Re2 Nd7 30. Kd2 f6 31. Ree1 Kf7 32. Ra1 Rha8 33. Rxa5 Rxa5 34. b3 Nc5 35. h5
Ra2 36. Rb1 Ne6 37. Ne2 Ke7 38. Nc1 Ra7 39. c3 bxc3+ 40. Kxc3 Ng5 41. f4 exf4 42.
Ne2 Ne6 43. Rf1 Rc7+ 44. Kb2 Kd6 45. Nxf4 Nxf4 46. Rxf4 Ke5 47. Ra4 d4 48. Ra8 d3
49. Rd8 Ke4 50. Re8+ Kf3 51. Rd8 Ke2 52. Re8+ Kd1 53. b4 Rc2+ 54. Kb1 Rc4 55. Rb8
d2 56. Kb2 Rxg4 57. b5 Ke2 58. Re8+ Kd3 59. Rd8+ Rd4 60. Rxd4+ Kxd4 61. Kc2 d1=Q+
62. Kxd1 Kc5 63. Kd2 Kxb5 64. Kd3 Kc5 65. Ke4 Kd6 66. Kf5 Ke7 67. Kg6 Kf8 68. Kf5
Kf7 69. Kf4 Ke6 70. Ke4 f5+ 71. Kf4 Kf6 72. Kf3 Kg5  0-1

[Event "36th Reykjavik op"]
[Site "Reykjavik ISL"]
[Date "2023.04.01"]
[Round "6.156"]
[White "Girish, Niyathi"]
[Black "Thorsteinsdottir, Hallgerdur"]
[WhiteElo "1425"]
[BlackElo "1978"]
[Result "0-1"]
[EventDate "2023.03.29"]
[PlyCount "102"]

1. e4 c6 2. d4 d5 3. exd5 cxd5 4. Bd3 Nc6 5. c3 Nf6 6. Bf4 Bg4 7. Qb3 Qc8 8. Nd2
e6 9. Ngf3 Be7 10. O-O O-O 11. Qc2 Bh5 12. Ne5 a6 13. a4 Bg6 14. Nxg6 hxg6 15. g3
Qd7 16. Kg2 Rfc8 17. Qb1 Nh5 18. Be3 Rab8 19. Rh1 b5 20. axb5 axb5 21. b4 e5 22.
dxe5 Nxe5 23. Bc2 Bf6 24. Bd4 Qg4 25. f3 Qg5 26. Nf1 Nf4+ 27. Kf2 Ne6 28. h4 Qh5
29. Nd2 Nxd4 30. cxd4 Nc6 31. Ra3 Bxd4+ 32. Kg2 Nxb4 33. Bd1 Nc6 34. f4 Qf5 35. Qxf5
gxf5 36. Bf3 Nb4 37. Kh3 Rc3 38. Rxc3 Bxc3 39. Nb1 d4 40. Be2 Nd5 41. Rd1 Nf6 42.
Bd3 g6 43. Rc1 b4 44. Nxc3 dxc3 45. Bc2 b3 46. Bb1 c2 47. Bxc2 Rc8 48. Rb1 bxc2 49.
Rc1 Nd5 50. Kg2 Nb4 51. Kf1 Na2  0-1

[Event "36th Reykjavik op"]
[Site "Reykjavik ISL"]
[Date "2023.04.01"]
[Round "6.157"]
[White "Omarsson, Adam"]
[Black "Endeberg, Ivar"]
[WhiteElo "1890"]
[BlackElo "1302"]
[Result "1-0"]
[EventDate "2023.03.29"]
[PlyCount "53"]

1. d4 d5 2. Bf4 c5 3. e3 Nc6 4. Nf3 Nf6 5. Bd3 Qb6 6. b3 e6 7. Nc3 cxd4 8. exd4 Bb4
9. Bd2 Nxd4 10. O-O Bd7 11. Nxd4 Qxd4 12. Nb5 Bxb5 13. Bxb5+ Nd7 14. Bxb4 Qxb4 15.
Bxd7+ Kxd7 16. c4 Qc5 17. cxd5 Qxd5 18. Qg4 Qe5 19. Rfd1+ Ke7 20. Qb4+ Kf6 21. Re1
Qf5 22. Re3 Kg6 23. Rg3+ Kh6 24. Qh4+ Qh5 25. Qf4+ g5 26. Qf6+ Qg6 27. Rh3#  1-0

[Event "36th Reykjavik op"]
[Site "Reykjavik ISL"]
[Date "2023.04.01"]
[Round "6.158"]
[White "Cuvelier, Annelies"]
[Black "Lokeswara, Rao"]
[WhiteElo "1875"]
[BlackElo "1218"]
[Result "1-0"]
[EventDate "2023.03.29"]
[PlyCount "65"]

1. e4 c5 2. c3 Nf6 3. e5 Nd5 4. Nf3 Nc6 5. Bc4 Nb6 6. Bb3 c4 7. Bc2 d6 8. exd6 exd6
9. O-O Be6 10. Re1 h6 11. d4 cxd3 12. Qxd3 Qc7 13. Bf4 O-O-O 14. Nbd2 g5 15. Bg3
Qd7 16. Nd4 h5 17. h4 gxh4 18. Bxh4 Ne5 19. Qb5 Be7 20. Qxd7+ Rxd7 21. Bxe7 Rxe7
22. f4 Bd5 23. fxe5 dxe5 24. Bf5+ Kb8 25. Nc2 Rg8 26. Ne3 Bc6 27. Be4 Bd7 28. Nf3
f6 29. Rad1 Reg7 30. Nh4 Na4 31. Rd2 Nc5 32. Bd5 Rg3 33. Bxg8  1-0

[Event "36th Reykjavik op"]
[Site "Reykjavik ISL"]
[Date "2023.04.01"]
[Round "6.159"]
[White "Gudmundsson, Solvi"]
[Black "Grose, Kameron"]
[WhiteElo "1283"]
[BlackElo "1800"]
[Result "0-1"]
[EventDate "2023.03.29"]
[PlyCount "104"]

1. e4 c5 2. Nf3 d6 3. c3 Nf6 4. Be2 e6 5. d3 Nbd7 6. O-O Qc7 7. a4 b6 8. Na3 a6 9.
b4 cxb4 10. cxb4 d5 11. exd5 Nxd5 12. b5 Be7 13. d4 a5 14. Nc4 Bb7 15. Bd2 Rc8 16.
Rc1 Qb8 17. Qb3 O-O 18. Rfd1 Bb4 19. Bxb4 Nxb4 20. Nfe5 Rfd8 21. Nxd7 Rxd7 22. Nxb6
Rxc1 23. Nxd7 Rxd1+ 24. Qxd1 Qd6 25. Nc5 Bd5 26. Bf3 g6 27. h3 Bxf3 28. Qxf3 Qxd4
29. Qa8+ Kg7 30. Qa7 Qd5 31. Nb7 Qd1+ 32. Kh2 Qxa4 33. Qxa5 Qb3 34. Nc5 Qc4 35. Qc7
Nd3 36. Na6 Qxb5 37. Qc3+ e5 38. Nc7 Qd7 39. Kg1 f6 40. Qc4 Nf4 41. Kh2 h5 42. Qc5
Nd3 43. Qc2 Nxf2 44. Qc4 Nd3 45. Nd5 Qd6 46. Ne3 Nf4 47. Qc2 Qd3 48. Qc7+ Kh6 49.
Qf7 Qd8 50. h4 Qh8 51. g4 Qg7 52. Nf5+ gxf5  0-1

[Event "36th Reykjavik op"]
[Site "Reykjavik ISL"]
[Date "2023.04.01"]
[Round "6.169"]
[White "Rusten, Daniel Garatun"]
[Black "Hausken, Andreas Skrede"]
[WhiteElo "1169"]
[BlackElo "1987"]
[Result "0-1"]
[EventDate "2023.03.29"]
[PlyCount "52"]

1. e4 e5 2. Nf3 Nc6 3. Bb5 a6 4. Ba4 Nf6 5. O-O b5 6. Bb3 Bc5 7. c3 d6 8. Re1 O-O
9. d4 Bb6 10. Bg5 h6 11. Bh4 g5 12. Bg3 Bg4 13. h3 Bxf3 14. gxf3 exd4 15. f4 Qd7
16. f5 Rfe8 17. Bc2 dxc3 18. Nxc3 Bd4 19. Qd2 Ne5 20. Kg2 Bxc3 21. Qxc3 Nh5 22. Bxe5
Rxe5 23. Rad1 Nf4+ 24. Kg3 Qe7 25. h4 Kh7 26. Rh1 Ne2+  0-1

[Event "36th Reykjavik op"]
[Site "Reykjavik ISL"]
[Date "2023.04.01"]
[Round "6.170"]
[White "Grubauer, Gerhard"]
[Black "Jonsson, Tristan Fannar"]
[WhiteElo "1564"]
[BlackElo "1164"]
[Result "1-0"]
[EventDate "2023.03.29"]
[PlyCount "109"]

1. e4 e5 2. Nf3 Nf6 3. Nxe5 Nc6 4. Nxc6 dxc6 5. Nc3 Bc5 6. Be2 h5 7. h3 Qd4 8. O-O
Ng4 9. Bxg4 hxg4 10. Kh2 Qe5+ 11. Kh1 gxh3 12. g3 b5 13. d3 b4 14. Bf4 Qe6 15. Na4
Bb6 16. Nxb6 cxb6 17. Kh2 Bb7 18. Qd2 c5 19. b3 O-O-O 20. a3 bxa3 21. Rxa3 a6 22.
f3 f5 23. Qc3 Rd7 24. b4 Rd5 25. Qxg7 Rd7 26. Qxh8+ Rd8 27. Qc3 Rd5 28. bxc5 Rxc5
29. Qh8+ Kd7 30. Rc3 Rxc3 31. Qxc3 Bc6 32. Qe5 Qxe5 33. Bxe5 fxe4 34. fxe4 b5 35.
Kxh3 a5 36. g4 Ke6 37. Bd4 a4 38. g5 Be8 39. Rf6+ Kd7 40. g6 Bxg6 41. Rxg6 b4 42.
Rb6 a3 43. Rxb4 a2 44. Kg4 a1=Q 45. Bxa1 Kc6 46. Rd4 Kb5 47. Rc4 Ka6 48. Rb4 Ka5
49. Bc3 Ka6 50. Kf5 Ka7 51. Ke6 Ka6 52. Kd6 Ka7 53. Kc6 Ka8 54. Kc7 Ka7 55. Ra4#
 1-0

[Event "36th Reykjavik op"]
[Site "Reykjavik ISL"]
[Date "2023.04.01"]
[Round "6.172"]
[White "Rempe, Lennik"]
[Black "Jonatansson, Sigurdur Freyr"]
[WhiteElo "1154"]
[BlackElo "1551"]
[Result "0-1"]
[EventDate "2023.03.29"]
[PlyCount "62"]

1. e4 c5 2. Nf3 e6 3. d4 cxd4 4. c3 dxc3 5. Nxc3 a6 6. Bf4 Nc6 7. Ne5 Qf6 8. Nxc6
Qxf4 9. Nd4 Bb4 10. Bd3 Nf6 11. O-O Bxc3 12. bxc3 Nxe4 13. Bxe4 Qxe4 14. Qh5 Qg6
15. Qxg6 hxg6 16. f4 b5 17. Rfe1 Bb7 18. f5 Ke7 19. fxg6 fxg6 20. Re3 Rh5 21. Rg3
e5 22. Re1 Kf7 23. Rf1+ Kg8 24. Nf3 Rc8 25. Rxg6 Rxc3 26. Rb6 Bc6 27. Rxa6 Rc2 28.
Re1 Bxf3 29. gxf3 Rhxh2 30. Rxe5 Rhd2 31. Rxb5 Rd1#  0-1

[Event "36th Reykjavik op"]
[Site "Reykjavik ISL"]
[Date "2023.04.01"]
[Round "6.174"]
[White "B. Berglindardottir, Emilia Embla"]
[Black "Karlsson, Sighvatur"]
[WhiteElo "1112"]
[BlackElo "1270"]
[Result "1-0"]
[EventDate "2023.03.29"]
[PlyCount "73"]

1. d4 g6 2. Bf4 Bg7 3. e3 Nf6 4. Nf3 e6 5. Bd3 d5 6. O-O Nc6 7. c4 b6 8. Qc2 Bb7
9. cxd5 Nb4 10. Qa4+ Qd7 11. Qxb4 Nxd5 12. Qb3 O-O 13. Bg3 Nf6 14. Nbd2 Nh5 15. Bh4
Bf6 16. Bxf6 Nxf6 17. Qc2 Rac8 18. Be4 c5 19. Bxb7 Qxb7 20. Qd3 Rfd8 21. Rac1 Qe7
22. Qa6 Rc7 23. dxc5 bxc5 24. Nb3 Rd6 25. Qe2 e5 26. Rxc5 Rcd7 27. Nxe5 Rc7 28. Rxc7
Qxc7 29. Rc1 Qd8 30. g3 Qe8 31. Ng4 Kg7 32. Nxf6 Rxf6 33. Qc4 Qe5 34. Qd4 Qf5 35.
f4 Kh6 36. Qe5 Qd3 37. Qxf6  1-0